000 00512nam a2200181Ia 4500
001 1271
005 20260306140620.0
008 260306t2020||||xx |||||||||||||| ||spa||
041 _aESP
082 _a190
_bP68
100 _aPluckrose, Helen,
_eAUT
245 0 _aCynical theories :
_bhow activist scholarship made everything about race, gender, and identity-and why this harms everybody
260 _c2020
300 _a351 páginas :
_c23 cm.
650 _aGEN
654 _aCHU
942 _cLIB
_dJUS
_fJUS
_2ddc
_n
999 _c1271
_d1271